<?xml version="1.0" encoding="UTF-8"?>
<record
    xmlns:xsi="http://www.w3.org/2001/XMLSchema-instance"
    xsi:schemaLocation="http://www.loc.gov/MARC21/slim http://www.loc.gov/standards/marcxml/schema/MARC21slim.xsd"
    xmlns="http://www.loc.gov/MARC21/slim">

  <leader>02275nam a22001337a 4500</leader>
  <datafield tag="999" ind1=" " ind2=" ">
    <subfield code="c">65918</subfield>
    <subfield code="d">65915</subfield>
  </datafield>
  <datafield tag="100" ind1=" " ind2=" ">
    <subfield code="a">Gopang, Rabail </subfield>
    <subfield code="a">15MSSE19</subfield>
    <subfield code="a">Supervisor - Dr. Sajida Parveen soomro</subfield>
  </datafield>
  <datafield tag="245" ind1=" " ind2=" ">
    <subfield code="a">Identifying and Analysis of Cultural Markers on Pakistan Different Web in Interfaces Design </subfield>
  </datafield>
  <datafield tag="260" ind1=" " ind2=" ">
    <subfield code="a">Nawabshah:</subfield>
    <subfield code="b">QUEST,</subfield>
    <subfield code="c">2019.</subfield>
  </datafield>
  <datafield tag="300" ind1=" " ind2=" ">
    <subfield code="a">44p.</subfield>
  </datafield>
  <datafield tag="500" ind1=" " ind2=" ">
    <subfield code="a">ABSTRACT

In previous research work. Researchers have done some studies at understanding the connection among websites design and the user's culture.	Subsequently we have identified few cultural markers that mark website usability, thoughtful and acceptance and complete on these outcomes. The main purpose of this research work is to be identifying and analysis of cultural markers on Pakistan's different web interfaces design. These cultural markers and sub cultural markers have been identified from literature. These identified	cultural markers and sub cultural markers are analyzed into four categories websites under four provinces cultural background from users' group through usability test. Demographic questionnaire data has been done through selecting sample size of 60 candidates' students and faculty members of Quaid-e&#xAD; Awam University of Engineering, Science &amp; Technology Nawabshah Pakistan. Experimental tasks have been completed through participants on four categories websites such as (Educational websites, E-commerce websites, Government websites and News-Media	websites).		After completing the experimental tasks through candidates at four categories websites than participants were asked to fill	post-test questionnaire for cultural markers analysis. In which contains list of five main kinds of cultural	markers  and  their  sub cultural  markers. According  to  post	-test Questionnaires, the cultural markers results have been evaluated based on statistical analyze in chi square test. I n all categories (Education, E-commerce, Govt, News - Media) the analysis result of cultural markers of News -Media results are (low) as compare to other than three categories results.
Keywords:	Cultural	Markers	Identifications,	Usability Test,	Cultural	Makers Analysis, statistical analyzed in chi square tool</subfield>
  </datafield>
  <datafield tag="700" ind1=" " ind2=" ">
    <subfield code="a">Department of Information Technology </subfield>
  </datafield>
  <datafield tag="856" ind1=" " ind2=" ">
    <subfield code="u">http://tinyurl.com/3y7dam2h</subfield>
  </datafield>
  <datafield tag="942" ind1=" " ind2=" ">
    <subfield code="c">THESIS</subfield>
  </datafield>
  <datafield tag="952" ind1=" " ind2=" ">
    <subfield code="0">0</subfield>
    <subfield code="1">0</subfield>
    <subfield code="4">0</subfield>
    <subfield code="7">0</subfield>
    <subfield code="a">QUESTCL</subfield>
    <subfield code="b">RESEARCH</subfield>
    <subfield code="d">2019-10-18</subfield>
    <subfield code="l">0</subfield>
    <subfield code="o">R/IMS-19</subfield>
    <subfield code="p">MP/55-689</subfield>
    <subfield code="r">2019-10-18 00:00:00</subfield>
    <subfield code="w">2019-10-18</subfield>
    <subfield code="y">THESIS</subfield>
  </datafield>
</record>
